000 00741cam a22002651 4500
001 sa 66002342
003 DLC
005 20260227112229.0
008 890925s1965 xx 000 0 urd
010 _asa 66002342
035 _a(OCoLC)23541631
040 _aDLC
_cMiU
_dDLC
042 _apremarc
050 0 0 _aBP70
_b.S4919
100 1 _aShaʻrānī, ʻAbd al-Wahhāb ibn Aḥmad,
_dapproximately 1493-1565 or 1566.
245 1 3 _aal-Ṭabaqāt al-valyā'.
260 _c[1965]
300 _a16, 560 p.
_c25 cm.
500 _aIn Urdu.
500 _aText partially vocalized.
504 _aBibliographical footnotes.
650 0 _aMuslims
_xBiography
700 1 _aVārsi, 'Abdulghanī,
_etr.
740 0 _aṬabaqāt al-Kubrā.
999 _c68325
_d68325